Missing Word: Six Letter History A-Z II Quiz Stats

Quiz Updated Aug 18, 2017

Challenge
Share
Tweet
Embed
Score 0/26 Timer 03:00
0 Plays Today
Hint Answer % Correct
____ Caesar - Roman dictatorJulius
94.8%
____ van Beethoven - composerLudwig
93.3%
Mutiny on the ____ - 1789Bounty
91.3%
____ Trail - historic wagon routeOregon
88.2%
Joseph ____- Soviet revolutionary and leaderStalin
88%
Charles ____ - 'On the Origin of Species'Darwin
86.1%
Salem Witch ____ - 1692-1693Trials
84.7%
____ Marcos - First Lady of the PhilippinesImelda
71.2%
Hernán ____ - conquistadorCortés
70.1%
Valley of the ____ - Egyptian burial siteQueens
66.6%
____ I - reigned over Persia 486–465 BCEXerxes
63.6%
____ Conquest of England - 1066Norman
63.4%
Blaise ____ - mathematician and philosopherPascal
62.2%
Hint Answer % Correct
____ by Thomas More - published 1516Utopia
57.4%
____ Way - ancient Roman roadAppian
56.6%
Elie ____ - author and human rights activistWiesel
51.3%
____ Renaissance - 1920s cultural movementHarlem
46%
Bleeding ____ - anti-slavery conflict 1854–1861Kansas
33.6%
____ Muhammad - Nation of Islam leaderElijah
31.8%
____ Horde - khanate c. 1240s–1502Golden
28.5%
____ Passage - part of Atlantic slave tradeMiddle
20.2%
____ Program - NASA probes sent to MarsViking
19.2%
____ of the Earls - 1607Flight
12.8%
____ Singh - founder of the Sikh empireRanjit
5.5%
Wu ____ - seventh century empressZetian
4.4%
____ Emperor - Ming China 1402–1424Yongle
2.8%

Today's Daily Dose

You're not logged in!

Compare scores with friends on all Sporcle quizzes.
Sign Up with Email
OR
Log In

You Might Also Like...

Show Comments

Extras

Top Quizzes Today


Score Distribution

Your Account Isn't Verified!

In order to create a playlist on Sporcle, you need to verify the email address you used during registration. Go to your Sporcle Settings to finish the process.